Statistics for The Original States of the USA

Click here to take the quiz!

General Stats

  • This quiz has been taken 52 times
  • The average score is 8 of 13

Answer Stats

AdmissionState% Correct
7th December, 1787Delaware
94%
12th December, 1787Pennsylvania
73%
18th December, 1787New Jersey
71%
28th April, 1788Maryland
63%
9th January, 1788Connecticut
59%
26th July, 1788New York
59%
2nd January, 1788Georgia
57%
25th June, 1788Virginia
57%
6th February, 1788Massachusetts
53%
29th May, 1789Rhode Island
49%
21st June, 1788New Hampshire
45%
21st November, 1789North Carolina
43%
23rd May, 1788South Carolina
43%

Score Distribution

Percentile by Number Answered

Percent of People with Each Score

Your Score History

You have not taken this quiz